Language learner strategies : (Record no. 27733)

MARC details
000 -LEADER
fixed length control field 03235cam a22003615i 4500
001 - CONTROL NUMBER
control field 15854458
003 - CONTROL NUMBER IDENTIFIER
control field EG-ScBUE
005 - DATE AND TIME OF LATEST TRANSACTION
control field 20191104151552.0
008 - FIXED-LENGTH DATA ELEMENTS--GENERAL INFORMATION
fixed length control field 090805s2021 enka f b 001 0 eng d
020 ## - INTERNATIONAL STANDARD BOOK NUMBER
International Standard Book Number 9780194422543 (pbk.)
020 ## - INTERNATIONAL STANDARD BOOK NUMBER
International Standard Book Number 0194422542 (pbk.)
035 ## - SYSTEM CONTROL NUMBER
System control number (OCoLC)ocn173718620
040 ## - CATALOGING SOURCE
Original cataloging agency UKM
Language of cataloging eng
Description conventions rda
Transcribing agency UKM
Modifying agency YDXCP
-- BAKER
-- BTCTA
-- RCS
-- NDD
-- COO
-- IXA
-- NLGGC
-- CDX
-- PMC
-- TVG
-- DLC
-- EG-ScBUE
082 04 - DEWEY DECIMAL CLASSIFICATION NUMBER
Classification number 418.0071
Item number LAN
Edition number 22
245 00 - TITLE STATEMENT
Title Language learner strategies :
Remainder of title thirty years of research and practice /
Statement of responsibility, etc edited by Andrew D. Cohen and Ernesto Macaro.
264 #1 - PUBLICATION, DISTRIBUTION, ETC. (IMPRINT)
Place of publication, distribution, etc Oxford ;
-- New York :
Name of publisher, distributor, etc Oxford University Press,
Date of publication, distribution, etc 2021.
300 ## - PHYSICAL DESCRIPTION
Extent viii, 412 pages :
Other physical details illustrations ;
Dimensions 24 cm.
336 ## - CONTENT TYPE
Content type term text
Content type code txt
Source rdacontent
337 ## - MEDIA TYPE
Media type term unmediated
Media type code n
Source rdamedia
338 ## - CARRIER TYPE
Carrier type term volume
Carrier type code nc
Source rdacarrier
490 0# - SERIES STATEMENT
Series statement Oxford applied linguistics
504 ## - BIBLIOGRAPHY, ETC. NOTE
Bibliography, etc Includes bibliographical references and index.
505 0# - FORMATTED CONTENTS NOTE
Formatted contents note Claims and critiques / Mike Grenfell and Ernesto Macaro -- Coming to terms with language learner strategies : surveying the experts / Andrew D. Cohen -- Bridging the gap between psychological and sociocultural perspectives on L2 learner strategies / Rebecca L. Oxford and Karen Schramm -- Applying strategies to contexts : the role of individual, situational, and group differences / Osamu Takeuchi, Carol Griffiths, and Do Coyle -- Research methods in strategy research : re-examining the toolbox / Cynthia White, Karen Schramm, and Anna Uhl Chamot -- L2 grammar strategeis : the second Cinderella and beyond / Rebecca L. Oxford and Kyoung Rang Lee with Gloria Park -- Intervening in the use of strategies / Joan Rubin ... [et al.] -- An introduction to systematic reviewing / Ernesto Macaro and Andrew D. Cohen -- A review of listening strategies : focus on sources of knowledge and on success / Ernesto Macaro, Suzanne Graham, and Robert Vanderplank -- A review of reading strategies : focus on the impact of first language / Lynn Erler and Claudia Finkbeiner -- A review of oral communication strategies : focus on interactionist and psycholinguistic perspectives / Yasuo Nakatani and Christine Goh -- A review of writing strategies : focus on conceptualizations and impact of first language / Rosa M. Manch�on, Julio Roca de Larios, and Liz Murphy -- A review of vocabulary learning strategies : focus on language proficiency and learner voice / Martha Nyikos and May Fan.
520 ## - SUMMARY, ETC.
Summary, etc Research into language learner strategies has the fundamental goal of improving the teaching and learning of second languages. This book explores the notion that the reason some learners of second languages excel and others struggle lies in what the learners themselves do-the strategies they bring to language learning and to language use. Name of series: Oxford Applied Linguistics.<br/>
650 #7 - SUBJECT ADDED ENTRY--TOPICAL TERM
Topical term or geographic name as entry element Second language acquisition.
Source of heading or term BUEsh
650 #7 - SUBJECT ADDED ENTRY--TOPICAL TERM
Topical term or geographic name as entry element Language and languages
General subdivision Study and teaching.
Source of heading or term BUEsh
653 ## - INDEX TERM--UNCONTROLLED
Resource For college Humanities: English
Arrived date list November2019
655 ## - INDEX TERM--GENRE/FORM
Form subdivision Reading book
700 1# - ADDED ENTRY--PERSONAL NAME
Personal name Cohen, Andrew D.
Relator term editor.
700 1# - ADDED ENTRY--PERSONAL NAME
Personal name Macaro, Ernesto,
Relator term editor.
856 42 - ELECTRONIC LOCATION AND ACCESS
Materials specified For all your testing needs online
Uniform Resource Identifier <a href="https://www.oxfordenglishtesting.com/DefaultMR.aspx?id=3034&menuId=1">https://www.oxfordenglishtesting.com/DefaultMR.aspx?id=3034&menuId=1</a>
942 ## - ADDED ENTRY ELEMENTS (KOHA)
Source of classification or shelving scheme Dewey Decimal Classification
Koha item type Book - Borrowing
Holdings
Withdrawn status Lost status Source of classification or shelving scheme Damaged status Not for loan Collection code Home library Current library Shelving location Date acquired Source of acquisition Cost, normal purchase price Total Checkouts Full call number Barcode Date last seen Cost, replacement price Price effective from Koha item type
    Dewey Decimal Classification     Baccah Central Library Central Library Second Floor 04/11/2019 Purchase 420.00   418.0071 LAN 000048196 15/07/2025 525.00 04/11/2019 Book - Borrowing